Normal view
MARC view
- Bukhari Syed Ali Asadullah
Entry Personal Name
001 - CONTROL NUMBER
- control field: 124798
003 - CONTROL NUMBER IDENTIFIER
- control field: NUST
005 - DATE AND TIME OF LATEST TRANSACTION
- control field: 20240725162351.0
008 - FIXED-LENGTH DATA ELEMENTS
- fixed length control field: 240725|| aca||aabn | a|a d
040 ## - CATALOGING SOURCE
- Original cataloging agency: NUST
- Transcribing agency: NUST
100 ## - HEADING--PERSONAL NAME
- Personal name: Bukhari Syed Ali Asadullah
670 ## - SOURCE DATA FOUND
- Source citation: Work cat.: (NUST): Bukhari Syed Ali Asadullah , Formal Verification of Dynamic Thermal Management for Many Core Systems/
